00991nam a2200253 a 4500001001000000003000500010005001700015008004100032010001100073011001100084040000900095100003300104245017700137260004100314500006000355502007900415650003600494650002700530650003100557650002600588650003700614856001600651856007000667000113883CHAP20220329144417.0171004s2017 mx a fsm |||||||spa d a110344 a111316 cCHAP1 aAlvarado Villarreal, Gabriel10aHuella hídrica y productividad del suelo, capital y trabajo en el cultivo de nogal (Carya illinoensis) en Nazas, Durango /h[En línea]cpor Gabriel Alvarado Villarreal. aChapingo, Méx. :bEl autor,c2017. aPara ver el contenido del material haga clic en la liga aTesis (Ing. Forestal Industrial)-- UACH. División de Ciencias Forestales14aAguaxAprovechamientoxDurango.14aNogalxAgua requerida.14aPecánxCultivozDurango.14aPecánxRendimiento.14aTrabajo y trabajadoresxDurango. a1 n0000264 aFinding aiduhttp://10.13.5.2/tesis/sist113883.pdfzTeclea aquí